Comida, territorio y memoria (Registro nro. 18201)

Detalles MARC
000 -CABECERA
Campo de control 00963nam a22002297a 4500
005 - FECHA Y HORA DE LA ULTIMA TRANSACCION
Campo de control 20191224042240.0
008 - ELEMENTOS DE LONGITUD FIJA—INFORMACION GENERAL
Campo de control 160304t2015 ck ado gr|||| 00| 0 spa d
020 ## - ISBN
ISBN 9789583087358
040 ## - FUENTE DE CATALOGACIÓN
Agencia catalogadora original CO-BoIAVH
Agencia transcriptora CO-BoIAVH
041 0# - IDIOMA
Código de idioma para texto/pista de sonido o título separado Español
044 ## - PAÍS DE PUBLICACIÓN
País de publicación Colombia
082 04 - NUMERO DE CLASIFICACION DECIMAL DEWEY
Número de clasificación 305.8
Número del ítem C73t
245 10 - MENCION DE TITULO
Título Comida, territorio y memoria
Parte restante del título situación alimentaria de los pueblos indígenas colombianos
260 ## - PUBLICACION, DISTRIBUCION, ETC. (PIE DE IMPRENTA)
Lugar de publicación, distribución, etc. Bogotá (Colombia) :
Nombre del editor, distribuidor, etc. FAO,
-- Departamento de Prosperidad Social,
Fecha de publicación, distribución, etc. c2015.
300 ## - DESCRIPCION FISICA
Extensión xix, 138 páginas :
Otros detalles físicos ilustraciones,tablas y fotografías a color ;
Dimensiones 27 x 21 centímetros
650 #6 - ASIENTO SECUNDARIO DE MATERIA - TERMINO TEMATICO
Término temático o nombre geográfico como elemento de entrada Comunidades rurales
Subdivisión geográfica Colombia
9 (RLIN) 63686
650 #4 - ASIENTO SECUNDARIO DE MATERIA - TERMINO TEMATICO
Término temático o nombre geográfico como elemento de entrada Comunidades indígenas
Subdivisión general situación alimentaria
Subdivisión geográfica Colombia
9 (RLIN) 63687
650 #4 - ASIENTO SECUNDARIO DE MATERIA - TERMINO TEMATICO
Término temático o nombre geográfico como elemento de entrada Comunidades indígenas
Subdivisión general estructura agraria
Subdivisión geográfica Colombia
9 (RLIN) 63688
700 1# - ASIENTO SECUNDARIO - NOMBRE PERSONAL
Nombre personal Nieto, Manuel
Término de relación editor
9 (RLIN) 63689
710 1# - ASIENTO SECUNDARIO - NOMBRE CORPORATIVO
Nombre corporativo o de jurisdicción como elemento de entrada Organización de las Naciones Unidas para la Alimentación y la Agricultura (FAO)
9 (RLIN) 23493
942 ## - ELEMENTOS ADICIONALES (KOHA)
Sistema de clasificación Dewey Decimal Classification
Tipo de ítem Libro
Koha issues (borrowed), all copies 1
Existencias
Withdrawn status Lost status Sistema de Clasificación Damaged status No para préstamo Colección Inventariado Ubicación Permanente Ubicación actual Fecha de adquisición Fuente de Valor Valor Total Checkouts Número topográfico Inventario / Código de Barras Date last seen Date checked out Ejemplar Price effective from Forma de adquisición Tipo de material Public note
    Dewey Decimal Classification     General Inventariado 2017 Bogotá Bogotá 04/03/2016 Instituto 39000.00 1 LB-305.8 C73t 039861 27/06/2016 27/06/2016 Ej. 1 04/03/2016   Libro Incluye CD-ROM con anexos (CID-039862).